LDR 00861naa#a2200217#i#450# 001 RU\\bibl\106461 005 20260416050348.4 011 ## _a2308-4057 100 ## _a20260325b2026####ek#y0rusy0150####ca 101 0# _aENG 102 ## _aRU 200 1# _aBrinjal, turkey berry, and winged bean extracts: Total phenolic content and antioxidant activity _eЖурнальная статья 210 1# _aКемерово _cКемеровский государственный университет _d2026 215 ## _a8 с. 608 ## _aЖурнальная статья _2local 675 ## _aСельское хозяйство. Лесное хозяйство. Охота. Рыбное хозяйство. 63 _zENG 700 #1 _aPriyadarshana _gSameera 700 #1 _aSomawathie _gKonara 700 #1 _aShafras _gMohamed 700 #1 _aSivanandarajah _gDarsiga 856 4# _azh-szf.ru _u